ARRUPE JESUIT UNIVERSITY

CORONAVIRUS -STOP THE SPREAD - CLEAN,DISINFECT,COVER

Varieties of relativism / (Record no. 123257)

MARC details
000 -LEADER
fixed length control field 00965cam a2200277 a 4500
001 - CONTROL NUMBER
control field 4450936
003 - CONTROL NUMBER IDENTIFIER
control field ARRUPE
005 - DATE AND TIME OF LATEST TRANSACTION
control field 20150907124622.0
008 - FIXED-LENGTH DATA ELEMENTS--GENERAL INFORMATION
fixed length control field 950329s1996 enk b 001 0 eng
010 ## - LIBRARY OF CONGRESS CONTROL NUMBER
LC control number 95012473
020 ## - INTERNATIONAL STANDARD BOOK NUMBER
International Standard Book Number 0631184090 (hardbound :alk. paper)
020 ## - INTERNATIONAL STANDARD BOOK NUMBER
International Standard Book Number 0631184112 (pbk. : alk. paper)
040 ## - CATALOGING SOURCE
Original cataloging agency DLC
Transcribing agency DLC
Modifying agency DLC
050 00 - LIBRARY OF CONGRESS CALL NUMBER
Classification number BD221
Item number .H36 1996
082 00 - DEWEY DECIMAL CLASSIFICATION NUMBER
Classification number 149
Edition number 20
300 ## - PHYSICAL DESCRIPTION
Dimensions 23 cm.
100 1# - MAIN ENTRY--PERSONAL NAME
Personal name Harré, Rom.
9 (RLIN) 14104
245 10 - TITLE STATEMENT
Title Varieties of relativism /
Statement of responsibility, etc Rom Harré & Michael Krausz.
260 ## - PUBLICATION, DISTRIBUTION, ETC. (IMPRINT)
Place of publication, distribution, etc Oxford ;
-- Cambridge, Mass., USA :
Name of publisher, distributor, etc Blackwell,
Date of publication, distribution, etc 1996.
300 ## - PHYSICAL DESCRIPTION
Extent viii, 237 p. ;
504 ## - BIBLIOGRAPHY, ETC. NOTE
Bibliography, etc Includes bibliographical references (p. [225]-231) and indexes.
650 #0 - SUBJECT ADDED ENTRY--TOPICAL TERM
Topical term or geographic name as entry element Relativity.
9 (RLIN) 19379
700 1# - ADDED ENTRY--PERSONAL NAME
Personal name Krausz, Michael,
Dates associated with a name 1942-
9 (RLIN) 19380
906 ## - LOCAL DATA ELEMENT F, LDF (RLIN)
a 7
b cbc
c orignew
d 1
e ocip
f 19
g y-gencatlg
942 ## - ADDED ENTRY ELEMENTS (KOHA)
Source of classification or shelving scheme Library of Congress Classification
Koha item type Monograph ( Printed materials)
Holdings
Withdrawn status Lost status Source of classification or shelving scheme Damaged status Not for loan Collection code Home library Current library Shelving location Date acquired Total Checkouts Full call number Barcode Date last seen Price effective from Koha item type
    Library of Congress Classification     Main Collection ARRUPE LIBRARY ARRUPE LIBRARY Main Collection 07/09/2015   BD221 .H36 1996 46500003991 02/09/2016 07/09/2015 Monograph ( Printed materials)

 

Arrupe Library. PO Box MP320 Mt Pleasant, Harare, Zimbabwe
263 242 745411|librarian@aju.ac.zw